000 00899nam a2200253 i 4500
001 bg
100 1 _aBOGALECKA, Elżbieta
245 1 0 _aZagadnienia sterowania maszyną dwustronnie zasilaną pracującą jako prądnica w systemie elektroenergetycznym /
_cElżbieta Bogalecka.
260 _aGdynia :
_bWydaw. Uczelniane WSM,
_c1997.
300 _a176 s. :
_brys., wykr. ;
_c21 cm.
490 1 _aPrace Naukowe Wyższej Szkoły Morskiej w Gdyni,
_x0860-4827
504 _aBibliogr. s. 168-175.- Summ.
650 9 _aElektroenergetyka
_xurządzenia
650 9 _aPrądnice
650 9 _aPrzekształtniki
650 9 _aSterowanie
_xmetody
710 0 _aWYŻSZA SZKOŁA MORSKA (Gdynia)
830 _aPrace Naukowe Wyższej Szkoły Morskiej w Gdyni,
_x0860-4827
040 _cBPK
041 0 _apl
_ben
080 _a621.313.1:621.314
942 _cKS
008 s pl f |000 0 pol
999 _c32831
_d32831
856 _uhttp://koha.tu.koszalin.pl/cgi-bin/koha/opac-detail.pl?biblionumber=32831
_yKatalog online BPK